[Event "Voronezh op-A 22nd"]
[Site "Voronezh"]
[Date "2018.06.19"]
[Round "7"]
[White "Chapurin, Alexey V"]
[Black "Bedenko, Nikita"]
[Result "1-0"]
[WhiteElo "2262"]
[BlackElo "1967"]
[PlyCount "61"]
[EventDate "2018.06.12"]
[EventType "swiss"]
[EventRounds "9"]
[EventCountry "RUS"]
[SourceTitle "CBM 185 Extra"]
[Source "ChessBase"]
[SourceDate "2018.07.29"]
[SourceVersion "1"]
[SourceVersionDate "2018.07.29"]
[SourceQuality "1"]

1. d4 Nf6 2. Bf4 g6 3. e3 Bg7 4. Nf3 0-0 5. Be2 d6 6. h3 Nbd7 7. 0-0 b6 8. a4 a6 9. c3 Bb7 10. Nbd2 Qe8 11. Bh2 e5 12. Nc4 Ne4 13. Re1 Qe7 14. Qb3 Kh8 15. Rad1 Rad8 16. Qb4 Ng5 17. Nfd2 Qe6 18. Bf1 f5 19. f4 Ne4 20. Nf3 exf4 21. exf4 Ndf6 22. Ne3 Bh6 23. a5 b5 24. d5 Bxd5 25. Ng5 Qg8 26. Nxd5 Nxd5 27. Qd4+ Ndf6 28. Qa7 Nxg5 29. fxg5 Bxg5 30. Qxa6 Ne4 31. Qxb5 1-0

[Event "Samara Polugaevsky Memorial 6th"]
[Site "Samara"]
[Date "2016.07.10"]
[Round "8"]
[White "Muromtsev, Arthur"]
[Black "Bedenko, Nikita"]
[Result "1-0"]
[WhiteElo "2219"]
[BlackElo "1972"]
[PlyCount "117"]
[EventDate "2016.07.03"]
[EventType "swiss"]
[EventRounds "9"]
[EventCountry "RUS"]
[SourceTitle "EXT 2019"]
[Source "ChessBase"]
[SourceDate "2018.10.10"]
[SourceVersion "1"]
[SourceVersionDate "2018.10.10"]
[SourceQuality "1"]

1. e4 Nf6 2. e5 Nd5 3. Nc3 Nxc3 4. dxc3 d6 5. Bc4 Nc6 6. Nf3 e6 7. Qe2 dxe5 8. Nxe5 Nxe5 9. Qxe5 Qd6 10. Qe4 Bd7 11. Bf4 Qc6 12. Qxc6 Bxc6 13. Bxc7 Rc8 14. Bg3 Bxg2 15. Bb5+ Ke7 16. Rg1 Bf3 17. Bh4+ f6 18. Be2 Bxe2 19. Kxe2 g5 20. Bg3 e5 21. Rad1 Ke6 22. f3 Bc5 23. Rh1 h5 24. h3 Rhd8 25. Rd3 Rxd3 26. cxd3 h4 27. Be1 Rd8 28. b4 Bb6 29. a4 a5 30. Bd2 Ra8 31. Ra1 Kf5 32. Rb1 axb4 33. Rxb4 Bc5 34. Rc4 Bd6 35. Be1 Ke6 36. d4 Kd5 37. Kd3 Re8 38. dxe5 fxe5 39. Rg4 Rf8 40. Ke2 Be7 41. Bd2 Rf5 42. Be3 Ke6 43. Rg1 Bd8 44. Rd1 Rf8 45. c4 Be7 46. Rb1 Rc8 47. Rb6+ Kf7 48. Rxb7 Kf6 49. Kd3 Bc5 50. Bxc5 Rxc5 51. Rb5 Rc6 52. c5 Kf5 53. Ke3 Ra6 54. Rb4 Ra5 55. Rc4 Ra7 56. c6 Rc7 57. a5 Ke6 58. Ke4 Kd6 59. a6 1-0